00509 2200205 4500001002100000008004100021035002000062245006300082100002500145250000600170260003200176300001200208084001400220082000800234650001300242990001200255990001200267990001200279990001200291INLIS000000000000705 ind  a0010-0424000681 aMenggambar Teknik 3D Dengan CADcWisnu Surya Saputra, S.Pd aSurya Saputra, Wisnu a1 aYogyakarta :bInsaniac2010 a100 hlm a600 WIS m a600 aNonfiksi a0721900 a0721901 a0721902 a0721903